[Event "Campeonato de Aragón por Equipos 2008 "]
[Site "Aragón"]
[Date "2008.03.01"]
[Round "5.47"]
[White "Garcia Andres Daniel"]
[Black "Puertolas Serena Arturo"]
[Result "1-0"]
[WhiteElo "2017"]
[BlackElo "1916"]

1.e4 e6 2.d4 d5 3.Nd2 dxe4 4.Nxe4 Bd7 5.Nf3 Bc6 6.Bd3 Nd7 7.O-O Ngf6 8.Qe2 Be7
9.Ne5 Bxe4 10.Bxe4 Nxe4 11.Qxe4 c6 12.Qg4 Bf6 13.Re1 Qe7 14.Bf4 O-O-O 15.c3 h5
16.Qf3 Bxe5 17.dxe5 Nb6 18.Be3 Rd5 19.b4 Rxe5 20.Qg3 f6 21.Bc5 Rxe1+ 22.Rxe1
Qd7 23.Qe3 Rd8 24.Bxb6 axb6 25.h4 e5 26.Qxb6 Qd2 27.Rf1 Qxc3 28.Qa5 Qd4 29.b5
Rd5 30.Qa8+ Kc7 31.bxc6 bxc6 32.Rc1 Qb6 33.Qg8 Rd7 34.Qe6 Rd6 35.Qf7+ Rd7 36.
Qg6 Qb2 37.Rc2 Qb1+ 38.Kh2 Qd1 39.Qe4 Rd6 40.Qa4 Qd4 41.Rc4 Qxf2 42.Rb4 Rd2
43.Qa5+ Kd6 44.Qd8+ Ke6 45.Qe8+ Kf5 46.Qxh5+ Ke6 47.Qe8+ Kf5 48.Qc8+ Kg6 49.
Rg4+ Kh7 50.Qf8 g5 51.Qf7+ Kh8 52.hxg5 Rd4 53.Qf8+ 1-0

[Event "Campeonato de Aragón por Equipos 2008 "]
[Site "Aragón"]
[Date "2008.03.01"]
[Round "5.48"]
[White "Fuentes Espuna Juan Antonio"]
[Black "Lafarga Bueno Daniel"]
[Result "1-0"]
[WhiteElo "1867"]
[BlackElo "1816"]

1.d4 Nf6 2.c4 e6 3.Nc3 Bb4 4.Qc2 O-O 5.Bg5 c5 6.a3 Bxc3+ 7.bxc3 h6 8.Bd2 Nc6
9.Nf3 d6 10.Rd1 Qc7 11.e4 e5 12.d5 Ne7 13.Bd3 Nxe4 14.Bxe4 f5 15.Bd3 e4 16.
Bxe4 fxe4 17.Qxe4 Bf5 18.Qh4 Bc2 19.O-O Bxd1 20.Rxd1 Nf5 21.Qg4 Rae8 22.Nh4
Nxh4 23.Qxh4 Qe7 24.Qxe7 Rxe7 25.f3 Re2 26.Kf1 Rfe8 27.Bf4 Rc2 28.Bxd6 Rxc3
29.Bxc5 b6 30.Bb4 Rxc4 31.d6 Rd8 32.Be1 Rd7 33.Bg3 Rc3 34.a4 Rc4 35.a5 bxa5
36.Rd5 a4 37.Ra5 Kf7 38.Ke2 Rc2+ 39.Ke3 Ke6 40.Rxa4 Rxd6 41.Bxd6 Kxd6 42.g3
Rxh2 43.Rxa7 g5 44.Ke4 Re2+ 45.Kf5 Re5+ 46.Kg4 Re6 47.Ra6+ Ke5 48.Rxe6+ Kxe6
49.Kh5 g4 50.fxg4 1-0

[Event "Campeonato de Aragón por Equipos 2008 "]
[Site "Aragón"]
[Date "2008.03.01"]
[Round "5.49"]
[White "Lopez Gracia Fernando"]
[Black "Lafarga Santorroman David"]
[Result "1-0"]
[WhiteElo "2293"]
[BlackElo "2278"]

1.Nf3 d5 2.d4 Nf6 3.c4 c6 4.Nc3 e6 5.e3 Nbd7 6.Qc2 Bd6 7.Be2 O-O 8.b3 Qe7 9.
O-O Re8 10.Bb2 dxc4 11.bxc4 e5 12.Rfe1 e4 13.Nd2 Nf8 14.c5 Bc7 15.f3 exf3 16.
Bxf3 Ng4 17.Nf1 Ng6 18.e4 Nh4 19.Rad1 Qg5 20.Kh1 Nxf3 21.gxf3 Qh4 22.Re2 Nf6
23.e5 Nh5 24.Re4 Nf4 25.Bc1 g5 26.Bxf4 gxf4 27.Qd2 Ba5 28.Rxf4 Qh3 29.Ng3 Kh8
30.Qe3 Rg8 31.Nce4 Be6 32.Rf6 Rg6 33.Ng5 Qh4 34.Rxg6 hxg6 35.Nxe6 fxe6 36.Ne4
Rf8 37.Rg1 Kg7 38.Rg4 Qh5 39.Ng5 Rf5 40.Nxe6+ Kf7 41.Nf4 Qh6 42.Qb3+ Ke8 43.
Qe6+ Kd8 44.Qd6+ Kc8 1-0

[Event "Campeonato de Aragón por Equipos 2008 "]
[Site "Aragón"]
[Date "2008.03.01"]
[Round "5.50"]
[White "Valles Mata David"]
[Black "Quintin Navarro Alberto"]
[Result "1/2-1/2"]
[WhiteElo "2107"]
[BlackElo "1975"]

1.e4 c5 2.Nf3 d6 3.d4 Nf6 4.Nc3 cxd4 5.Nxd4 a6 6.g3 e5 7.Nb3 Nbd7 8.a4 b6 9.
Bg2 Bb7 10.O-O Be7 11.Re1 O-O 12.Nd2 Rc8 13.Nf1 Nc5 14.Bg5 Nd5 15.Bxe7 Nxe7
16.Ne3 Ne6 17.Ncd5 Bxd5 18.exd5 Nc5 19.b4 Nd7 20.Qd3 a5 21.Bh3 axb4 22.Bxd7
Qxd7 23.Reb1 Rc3 24.Qe4 Rfc8 25.Qxb4 f5 26.Qb5 Qxb5 27.Rxb5 f4 28.gxf4 exf4
29.Nf1 Rxc2 30.Rxb6 Nxd5 31.Rxd6 Nf6 32.Rd4 g5 33.a5 Ra8 34.a6 Rc6 35.a7 Rc7
36.Rda4 Nd7 37.Nd2 Nb6 38.Rb4 Nd7 39.Rba4 Nb6 40.Rb4 Nd7 41.Rba4 Nb6 1/2-1/2

[Event "Campeonato de Aragón por Equipos 2008 "]
[Site "Aragón"]
[Date "2008.03.01"]
[Round "5.51"]
[White "Arregui Unotria Carlos"]
[Black "Avellanas Pau Miguel Angel"]
[Result "1-0"]
[WhiteElo "1925"]
[BlackElo "1934"]

1.d4 d5 2.c4 e6 3.g3 c6 4.Bg2 Nf6 5.Nf3 Nbd7 6.O-O Bd6 7.Qc2 O-O 8.b3 Re8 9.
Nc3 Qe7 10.e4 dxe4 11.Nxe4 Nxe4 12.Qxe4 Nf6 13.Qc2 c5 14.Ba3 Qc7 15.Rfe1 cxd4
16.Bxd6 Qxd6 17.c5 Qc7 18.Nxd4 Bd7 19.a4 Rac8 20.b4 a6 21.Rad1 Red8 22.f4 Bc6
23.Nxc6 bxc6 24.Qc4 a5 25.b5 cxb5 26.axb5 g6 27.b6 Rxd1 28.Rxd1 Qe7 29.c6 1-0

[Event "Campeonato de Aragón por Equipos 2008 "]
[Site "Aragón"]
[Date "2008.03.01"]
[Round "5.52"]
[White "Santorroman Jovellar Javier"]
[Black "Plo Palacian Sandra"]
[Result "1-0"]
[WhiteElo "1822"]
[BlackElo "1921"]

1.d4 e6 2.c4 Nf6 3.Nf3 d5 4.Nc3 c6 5.Bg5 Nbd7 6.e3 Be7 7.Bd3 O-O 8.cxd5 exd5
9.O-O Re8 10.Rb1 Ne4 11.Bxe7 Qxe7 12.Qc2 Nb6 13.Nd2 Bf5 14.b4 Nxd2 15.Qxd2
Bxd3 16.Qxd3 a6 17.a4 Rec8 18.Rfc1 h6 19.h3 Rc7 20.Rc2 Rd8 21.Ra2 Rdc8 22.Nd1
Nc4 23.Qc3 Nd6 24.Rc2 Ne4 25.Qb2 Nd6 26.Rbc1 Nc4 27.Qb3 Nb6 28.Nb2 Qd6 29.Nd3
Nc4 30.b5 axb5 31.axb5 cxb5 32.Qxb5 Na3 33.Rxc7 Rxc7 34.Qb2 Nc4 35.Qa1 Qd7 36.
Nf4 b6 37.Qa8+ Kh7 38.Qxd5 Qa4 39.Qf5+ Kg8 40.Qb1 Qa3 41.Qa1 Qf8 42.Nd5 Rc8
43.Qa6 Nd6 44.Rxc8 Qxc8 45.Ne7+ 1-0

[Event "Campeonato de Aragón por Equipos 2008 "]
[Site "Aragón"]
[Date "2008.03.01"]
[Round "5.53"]
[White "Lasanta Rica Cesar"]
[Black "Lucea Valero Alejandro"]
[Result "1-0"]
[WhiteElo "2284"]
[BlackElo "1965"]

1.c4 Nf6 2.Nc3 g6 3.e4 d6 4.d4 Bg7 5.f4 O-O 6.Nf3 Bg4 7.Be3 e5 8.fxe5 dxe5 9.
d5 Nfd7 10.Be2 f5 11.Ng5 Bxe2 12.Qxe2 Qe7 13.Ne6 Rc8 14.exf5 gxf5 15.O-O f4
16.Bf2 Na6 17.Nxf4 b6 18.Ne6 Nac5 19.Nxg7 Qxg7 20.b4 Nb7 21.Ne4 Nd6 22.c5 Nxe4
23.Qxe4 bxc5 24.Bxc5 Nxc5 25.bxc5 Rf8 26.Rxf8+ Rxf8 27.Rf1 Qg5 28.Rxf8+ Kxf8
29.h4 Qe7 30.c6 a5 31.Kh2 h6 32.Qf5+ Kg7 33.Qd7 Kf7 34.Qf5+ Kg7 35.Qg4+ Kf7
36.h5 Qd6 37.Qf5+ Ke7 38.Qh7+ Ke8 39.Qg8+ Ke7 40.Qg7+ Ke8 41.Qg6+ Ke7 42.Kg3
Qxd5 43.Qxh6 Qd3+ 44.Kh2 Qe4 45.Qg7+ Ke6 46.Qg6+ Qxg6 47.hxg6 Kf6 48.Kg3 Kxg6
49.Kf3 1-0

[Event "Campeonato de Aragón por Equipos 2008 "]
[Site "Aragón"]
[Date "2008.03.01"]
[Round "5.54"]
[White "Carraminana Lopez Luis Antonio"]
[Black "Glaria Murillo Christian"]
[Result "0-1"]
[WhiteElo "1958"]
[BlackElo "2195"]

1.e4 d5 2.exd5 Qxd5 3.Nc3 Qd6 4.d4 Nf6 5.g3 Bg4 6.f3 Bh5 7.Bf4 Qd8 8.g4 Bg6 9.
h4 h6 10.Bd3 Bxd3 11.Qxd3 c6 12.O-O-O e6 13.Nh3 Na6 14.g5 hxg5 15.hxg5 Nd5 16.
Nxd5 Qxd5 17.c4 Qf5 18.Qxf5 exf5 19.d5 O-O-O 20.dxc6 bxc6 21.Be5 Rxd1+ 22.Kxd1
Nb4 23.a3 Nd3 24.Bd4 c5 25.Kd2 Nf4 26.Nxf4 Rxh1 27.Be5 Be7 28.g6 fxg6 29.Nxg6
Bd8 30.b4 cxb4 31.axb4 a6 32.Kc3 Rh3 33.Kd4 Rxf3 34.c5 Rb3 35.Kc4 Rb1 36.c6
Rg1 37.Nh8 g5 38.Nf7 Be7 39.c7 Rg4+ 40.Kd5 Bxb4 41.Nd8 Rg1 42.Nc6 Rd1+ 43.Ke6
Bc5 44.Kxf5 Bd6 0-1

[Event "Campeonato de Aragón por Equipos 2008 "]
[Site "Aragón"]
[Date "2008.03.01"]
[Round "5.55"]
[White "Jimenez Fernandez Alejandro"]
[Black "Minguez A"]
[Result "1/2-1/2"]
[WhiteElo "1898"]
[BlackElo "1952"]

1.d4 d5 2.c4 e6 3.Nc3 c6 4.Nf3 Nf6 5.Bg5 Nbd7 6.cxd5 exd5 7.e3 Be7 8.Qc2 b5 9.
Bd3 h6 10.Bf4 Bb7 11.h3 a6 12.O-O O-O 13.Rac1 Re8 14.Ne5 Nxe5 15.Bxe5 Nd7 16.
Bf4 b4 17.Na4 a5 18.Rfd1 Nf8 19.Bf5 g6 20.Bd3 h5 21.e4 Ne6 22.Be3 Kg7 23.e5
Bg5 24.Nc5 Nxc5 25.Bxg5 Qxg5 26.Qxc5 Qd8 27.f4 f5 28.a3 Qe7 1/2-1/2

[Event "Campeonato de Aragón por Equipos 2008 "]
[Site "Aragón"]
[Date "2008.03.01"]
[Round "5.56"]
[White "Vasilev Vas"]
[Black "Tello  Rafael"]
[Result "1-0"]
[WhiteElo "1925"]
[BlackElo "1758"]

1.d4 Nf6 2.Nf3 c5 3.d5 e6 4.c4 exd5 5.cxd5 d6 6.Nc3 g6 7.Bf4 a6 8.a4 Bg7 9.h3
O-O 10.Nd2 Qe7 11.e3 Nbd7 12.Be2 Ne5 13.Bxe5 Qxe5 14.Nc4 Qe7 15.O-O Bd7 16.a5
Ne8 17.Ra3 f5 18.Rb3 Rb8 19.Rb6 f4 20.Bg4 fxe3 21.Nxe3 Bd4 22.Bxd7 Qxd7 23.Qg4
Qxg4 24.hxg4 Rf7 25.Ne4 Rd8 26.Ng5 Rfd7 27.Ne6 Rc8 28.Nc4 Bf6 29.g5 Be7 30.f4
Ng7 31.Nxg7 Kxg7 32.Re1 Rf8 33.g3 Bd8 34.Rxd6 Rxd6 35.Nxd6 Bxa5 36.Re7+ Kg8
37.Rxb7 Rd8 38.Ne4 c4 39.Nf6+ Kf8 40.Nxh7+ Kg8 41.Nf6+ Kf8 42.f5 c3 43.fxg6
1-0

[Event "Campeonato de Aragón por Equipos 2008 "]
[Site "Aragón"]
[Date "2008.03.01"]
[Round "5.57"]
[White "Martin Catalan Juan Vicente"]
[Black "Ferrer  Francisco Javier"]
[Result "1-0"]
[WhiteElo "2122"]
[BlackElo "1997"]

1.d4 Nf6 2.c4 e6 3.Nf3 b6 4.Bg5 Bb7 5.e3 Be7 6.Nc3 Ne4 7.Bxe7 Qxe7 8.Nxe4 Bxe4
9.a3 a5 10.Bd3 Bxd3 11.Qxd3 d6 12.O-O O-O 13.b4 Nd7 14.Nd2 e5 15.Nb3 axb4 16.
axb4 e4 17.Qc3 f5 18.Rxa8 Rxa8 19.Ra1 Qf8 20.Kf1 Qb8 21.Ke2 Ra7 22.Kd2 Qa8 23.
Rxa7 Qxa7 24.Qa1 Qxa1 25.Nxa1 c6 26.Nb3 Kf7 27.Kc3 Ke6 28.f4 Nf6 29.d5+ cxd5
30.Nd4+ Kd7 31.Nxf5 g6 32.Nh6 dxc4 33.Kxc4 d5+ 34.Kd4 Ke6 35.g4 Ne8 36.f5+
gxf5 37.gxf5+ Kd6 38.Nf7+ Ke7 39.Ng5 Nc7 40.Ke5 h6 41.Ne6 Na6 42.b5 Nb4 43.f6+
Ke8 44.Nc7+ Kf7 45.Nxd5 Nc2 46.Kf5 Na3 47.Nxb6 Nxb5 48.Nc4 Nc3 49.Ne5+ Ke8 50.
Kg6 Nd5 51.f7+ 1-0

[Event "Campeonato de Aragón por Equipos 2008 "]
[Site "Aragón"]
[Date "2008.03.01"]
[Round "5.58"]
[White "Navarro Sancho Rafael"]
[Black "Barcena Francisco"]
[Result "1-0"]
[WhiteElo "1963"]
[BlackElo "1970"]

1.e4 c5 2.Nf3 Nc6 3.Bb5 g6 4.O-O Bg7 5.Nc3 Nd4 6.Bc4 d6 7.d3 Nf6 8.Nxd4 cxd4
9.Ne2 Qb6 10.Bb3 O-O 11.h3 a5 12.a4 Nd7 13.f4 Nc5 14.f5 Nxb3 15.cxb3 Bd7 16.
Bg5 f6 17.Bh4 e5 18.fxe6 Bxe6 19.Ra3 d5 20.Bf2 f5 21.exd5 Bxd5 22.Nf4 Bf7 23.
Re1 Rfe8 24.Ne2 Rad8 25.Nc1 Bh6 26.Rxe8+ Rxe8 27.Ne2 Be3 28.Qc2 g5 29.Ng3 Qe6
30.Ra1 h5 31.Nf1 f4 32.Bxe3 dxe3 33.Qe2 Rc8 34.Re1 Qxb3 35.g3 Rc2 36.Qf3 Qd5
37.Nh2 Qxf3 38.Nxf3 g4 39.hxg4 hxg4 40.Ng5 Rxb2 41.gxf4 e2 42.Nxf7 Kxf7 43.Kf2
Kf6 44.Rxe2 Rxe2+ 45.Kxe2 Kf5 46.Ke3 g3 47.Kf3 g2 48.Kxg2 Kxf4 49.Kf2 Ke5 50.
Ke3 Kd5 51.Kd2 Kd4 52.Kc2 Kd5 53.Kc3 Kc5 54.d4+ Kd6 55.Kc4 Kc6 56.d5+ Kc7 57.
Kc5 1-0

[Event "Campeonato de Aragón por Equipos 2008 "]
[Site "Aragón"]
[Date "2008.03.01"]
[Round "5.59"]
[White "Vicente Sanz Fernando"]
[Black "Velamazan Gomez Angel"]
[Result "0-1"]
[WhiteElo "1938"]
[BlackElo "1960"]

1.d4 Nf6 2.c4 c5 3.d5 e5 4.Nc3 d6 5.e4 Be7 6.Bd3 Na6 7.Nge2 Nc7 8.O-O O-O 9.f3
Bd7 10.Be3 a6 11.a4 Rb8 12.a5 b5 13.axb6 Rxb6 14.Qd2 Qb8 15.Ra2 Qb7 16.h3 Rb8
17.Nd1 Qc8 18.f4 Nh5 19.f5 Bh4 20.g4 Nf6 21.Kh2 Rb4 22.Ng1 Nfe8 23.g5 f6 24.
Nf3 Bxg5 25.Nxg5 fxg5 26.Bxg5 Nf6 27.Rg1 Qf8 28.Bh6 Nfe8 29.f6 Qxf6 30.Bg5 Qf7
31.Rf1 Qh5 32.Qg2 Bxh3 33.Qxh3 Qxg5 34.Ra3 Rb3 35.Qf3 Qf4+ 36.Qxf4 exf4 37.
Rxb3 Rxb3 38.Bb1 g5 0-1

[Event "Campeonato de Aragón por Equipos 2008 "]
[Site "Aragón"]
[Date "2008.03.01"]
[Round "5.60"]
[White "Nasarre Abizanda Tomas"]
[Black "Pache Marconell Juan Manuel"]
[Result "1-0"]
[WhiteElo "1714"]
[BlackElo "1510"]

1.d4 Nf6 2.Nf3 d5 3.c4 c6 4.e3 a6 5.cxd5 cxd5 6.Bd3 Bg4 7.Nc3 e6 8.Bd2 Bd6 9.
Qa4+ Nbd7 10.h3 Bxf3 11.gxf3 b5 12.Qd1 e5 13.dxe5 Nxe5 14.Bc2 Bc5 15.Qe2 O-O
16.Rd1 Qb6 17.O-O Rad8 18.Bc1 Rfe8 19.f4 Ng6 20.Qf3 d4 21.exd4 Bxd4 22.Bxg6
hxg6 23.Rfe1 Bxc3 24.Rxe8+ Rxe8 25.bxc3 Qe6 26.a3 Qe2 27.Qxe2 Rxe2 28.Be3 Ra2
29.Rd8+ Kh7 30.Bc5 Ne4 31.Bd4 Rxa3 32.Rd7 Nxc3 33.Be5 Kg8 34.Rd8+ Kh7 35.Rd7
Kg8 36.Rd8+ Kh7 37.Rd7 f6 38.Bxf6 Ne2+ 39.Kf1 Nxf4 40.Rxg7+ Kh6 41.Rg8 Ra1+
1-0

[Event "Campeonato de Aragón por Equipos 2008 "]
[Site "Aragón"]
[Date "2008.03.01"]
[Round "5.61"]
[White "Jaques Burguete Raul"]
[Black "Aparicio Navarro Pedro Jose"]
[Result "0-1"]
[WhiteElo "2127"]
[BlackElo "2196"]

1.e4 c5 2.d4 cxd4 3.Nf3 Nc6 4.Bc4 Nf6 5.Nbd2 d5 6.exd5 Nxd5 7.O-O e6 8.Nb3 Be7
9.Nbxd4 Nxd4 10.Nxd4 O-O 11.c3 Nf6 12.Bf4 a6 13.a4 Qa5 14.Qc2 Bd7 15.Rfe1 Rac8
16.Bd3 g6 17.h4 Nd5 18.Bg3 Bf6 19.Nb3 Qb6 20.a5 Qd8 21.h5 Nb4 22.Qe2 Nxd3 23.
Qxd3 Bb5 24.Qe3 Qd5 25.Nd2 Qxh5 26.Ne4 Bg7 27.Nd6 Rcd8 28.Nxb7 Rd3 29.Qb6 Qd5
30.Nc5 Rd2 31.Nxa6 Bc6 32.f3 Rxg2+ 33.Kxg2 Qxf3+ 34.Kh3 Qg2+ 35.Kg4 h5+ 36.Kf4
Qf3+ 0-1

[Event "Campeonato de Aragón por Equipos 2008 "]
[Site "Aragón"]
[Date "2008.03.01"]
[Round "5.62"]
[White "Munoz Munoz Juan Carlos"]
[Black "Garcia Fernandez Javier"]
[Result "1-0"]
[WhiteElo "2137"]
[BlackElo "2110"]

1.d4 Nf6 2.Nf3 g6 3.g3 Bg7 4.Bg2 O-O 5.c4 c5 6.O-O cxd4 7.Nxd4 Nc6 8.Nc3 Nxd4
9.Qxd4 d6 10.Qh4 Qa5 11.Bh6 Qb4 12.Bxg7 Kxg7 13.Qd4 Qxb2 14.Rab1 Qa3 15.Nd5 e5
16.Qd2 Nxd5 17.Bxd5 Rb8 18.Rfd1 b6 19.Bc6 Rd8 20.Rb5 Ba6 21.Rb4 Rbc8 22.Ra4
Qc5 23.Bd5 b5 24.Rxa6 bxc4 25.Qc3 Rc7 26.Ra4 Rdc8 27.Rxc4 Qb6 28.Rxc7 Rxc7 29.
Qb3 Qa5 30.Qb8 Qa4 31.Bb3 Qc6 32.Qd8 Rd7 33.Qb8 a5 34.Qe8 Qc7 35.Ba4 Re7 36.
Qc6 1-0

[Event "Campeonato de Aragón por Equipos 2008 "]
[Site "Aragón"]
[Date "2008.03.01"]
[Round "5.63"]
[White "Pellicer Coloma Pedro"]
[Black "Sanchez Moreno Jose Carlos"]
[Result "1-0"]
[WhiteElo "1985"]
[BlackElo "2019"]

1.d4 Nf6 2.Nf3 d6 3.c4 Nbd7 4.Nc3 e5 5.e4 Be7 6.Be2 O-O 7.O-O c6 8.b3 exd4 9.
Qxd4 Ng4 10.Bb2 Nge5 11.Rad1 a5 12.Ne1 Qc7 13.f4 d5 14.Na4 dxc4 15.fxe5 b5 16.
e6 Bf6 17.Rxf6 Nxf6 18.exf7+ Rxf7 19.Nb6 Rb8 20.Qd8+ Qxd8 21.Rxd8+ Rf8 22.
Rxf8+ Kxf8 23.Nxc8 Nxe4 24.Na7 c3 25.Bc1 a4 26.Nxc6 axb3 27.Nxb8 bxa2 28.Ba3+
Kf7 29.Nc2 1-0

[Event "Campeonato de Aragón por Equipos 2008 "]
[Site "Aragón"]
[Date "2008.03.08"]
[Round "6.1"]
[White "Del Rey Diego"]
[Black "Martinez Martin David"]
[Result "0-1"]
[WhiteElo "2382"]
[BlackElo "2395"]

1.d4 Nf6 2.Bg5 Ne4 3.Bf4 c5 4.f3 Qa5+ 5.c3 Nf6 6.Nd2 cxd4 7.Nc4 Qf5 8.Bxb8 b5
9.Qxd4 bxc4 10.Be5 Qc2 11.Qd2 Qxd2+ 12.Kxd2 d5 13.e4 Ba6 14.Re1 dxe4 15.Kc1
Rd8 16.Bd4 g6 17.f4 Bh6 18.Nh3 O-O 19.Ng5 Nd5 20.h4 Nxf4 21.Rxe4 Nh5 22.Rxe7
Ng3 23.Rxa7 Rd6 0-1

[Event "Campeonato de Aragón por Equipos 2008 "]
[Site "Aragón"]
[Date "2008.03.08"]
[Round "6.2"]
[White "Fontana Sotomayour Luis Javier"]
[Black "Fernandez Lopez Felix"]
[Result "1-0"]
[WhiteElo "2332"]
[BlackElo "2316"]

1.e4 c6 2.d4 g6 3.Nc3 d5 4.e5 h5 5.f4 Nh6 6.Nf3 Bg4 7.h3 Bxf3 8.Qxf3 Nf5 9.Be3
e6 10.Bf2 h4 11.Bd3 Nd7 12.Ne2 c5 13.c3 Qb6 14.O-O Be7 15.b3 Nb8 16.c4 dxc4
17.bxc4 cxd4 18.Rab1 Qd8 19.Rxb7 Nd7 20.Be4 Rc8 21.Bc6 Rc7 22.Rfb1 d3 23.Nd4
Nxd4 24.Bxd4 O-O 25.Rxc7 Qxc7 26.Rb7 Qa5 27.Rxd7 Qe1+ 1-0

[Event "Campeonato de Aragón por Equipos 2008 "]
[Site "Aragón"]
[Date "2008.03.08"]
[Round "6.3"]
[White "Chueca Forcen Alberto"]
[Black "Antoli Royo Joaquin Miguel"]
[Result "0-1"]
[WhiteElo "2283"]
[BlackElo "2308"]

1.d4 Nf6 2.c4 d6 3.Nf3 Bf5 4.Qb3 Qc8 5.Nc3 h6 6.g3 c6 7.Bg2 Nbd7 8.O-O e5 9.
Re1 Be7 10.e4 Bh7 11.Qc2 O-O 12.b3 b5 13.dxe5 dxe5 14.Nd2 Rd8 15.Bb2 Nc5 16.
Rad1 Nd3 17.Re3 Nxb2 18.Qxb2 Bc5 19.Re2 Bg6 20.Nf3 Qe6 21.Rxd8+ Rxd8 22.cxb5
cxb5 23.Nh4 Bd4 24.Nf3 Bh5 25.Nxd4 exd4 26.Rd2 a6 27.f3 Qb6 28.Nd1 d3+ 29.Nf2
Qe3 30.g4 Bxg4 31.e5 Nd5 32.Rxd3 Qe1+ 33.Bf1 Bf5 34.Rd1 Qe3 35.Qd4 Qg5+ 36.Kh1
Rd7 37.h4 Qg3 38.Nd3 Qxf3+ 39.Kh2 Ne3 40.Qc5 Rxd3 41.Rxd3 Qf2+ 0-1

[Event "Campeonato de Aragón por Equipos 2008 "]
[Site "Aragón"]
[Date "2008.03.08"]
[Round "6.4"]
[White "Cortes Lizano Jesus"]
[Black "Hernando Garcia Antonio"]
[Result "1-0"]
[WhiteElo "2247"]
[BlackElo "2212"]

1.c4 Nf6 2.Nf3 c6 3.b3 d5 4.e3 Bg4 5.Bb2 e6 6.Be2 Nbd7 7.Nc3 Be7 8.O-O O-O 9.
Nd4 Bxe2 10.Qxe2 Ne4 11.Nxe4 dxe4 12.d3 exd3 13.Qxd3 Qc7 14.Rad1 Rfd8 15.Qe4
Nf6 16.Qc2 a6 17.Nf3 Rxd1 18.Rxd1 Rd8 19.Rxd8+ Qxd8 20.h3 h6 21.Bxf6 Bxf6 22.
Qd2 Qxd2 23.Nxd2 Kf8 24.Kf1 Ke8 25.Ke2 Kd7 26.Kd3 Kc7 27.g4 Kb6 28.Ne4 Be7 29.
f3 f5 30.Ng3 g6 31.Ne2 Bd6 32.e4 fxg4 33.fxg4 Kc7 34.Nd4 Kd7 35.Nf3 Ke7 36.e5
Ba3 37.Ke4 Bb2 38.Ne1 Ba3 39.Nd3 b6 40.Kd4 Kf7 41.c5 bxc5+ 42.Nxc5 Bb2+ 43.Ke4
a5 44.Nb7 Bc3 45.Nd8+ Ke7 46.Nxc6+ Kd7 47.Nd4 Bb2 48.Kd3 h5 49.Kc4 hxg4 50.
hxg4 Ba1 51.a3 Bb2 52.a4 Ba1 53.Nf3 Kc6 54.b4 axb4 55.Kxb4 Bb2 56.a5 Bc1 57.
Nd4+ Kb7 58.Kb5 Bf4 59.a6+ Kc7 60.Nxe6+ 1-0

[Event "Campeonato de Aragón por Equipos 2008 "]
[Site "Aragón"]
[Date "2008.03.08"]
[Round "6.5"]
[White "Baron Rodriguez Jesus"]
[Black "Colas Longares Rafael P"]
[Result "1/2-1/2"]
[WhiteElo "2421"]
[BlackElo "2328"]

1.e4 e5 2.Nf3 Nc6 3.d4 exd4 4.Nxd4 g6 5.Nc3 Bg7 6.Be3 Nf6 7.Qd2 O-O 8.O-O-O
Re8 9.f3 d5 10.exd5 Nxd5 11.Nxc6 bxc6 12.Nxd5 cxd5 13.Bd4 c6 14.h4 Bxd4 15.
Qxd4 Qb6 16.h5 Re1 17.Rh4 Rxd1+ 18.Kxd1 Ba6 19.Bd3 Bxd3 20.cxd3 Rb8 21.b3 Qxd4
22.Rxd4 gxh5 23.Ra4 Rb7 24.Ra6 Rc7 25.Kd2 Kg7 26.Ke3 c5 27.Rd6 c4 28.Kd2 cxb3
29.axb3 Rc5 30.g3 Rb5 31.Kc3 a5 32.Ra6 f6 33.Kd4 1/2-1/2

[Event "Campeonato de Aragón por Equipos 2008 "]
[Site "Aragón"]
[Date "2008.03.08"]
[Round "6.6"]
[White "Trigo Conde Isaac"]
[Black "Hefty Hilardo Jorge Walter"]
[Result "1-0"]
[WhiteElo "2238"]
[BlackElo "2340"]

1.e4 e6 2.d4 d5 3.e5 c5 4.c3 Nc6 5.Nf3 Bd7 6.Be2 Nge7 7.Na3 cxd4 8.cxd4 Nf5 9.
Nc2 Nb4 10.O-O Nxc2 11.Qxc2 Rc8 12.Qd3 a6 13.a4 Bb4 14.b3 Qb6 15.Bb2 h6 16.
Rfc1 O-O 17.Bd1 Rxc1 18.Rxc1 Rc8 19.Rxc8+ Bxc8 20.Bc2 h5 21.h3 g6 22.g4 hxg4
23.hxg4 Nh6 24.Nh2 Qd8 25.Bc1 Qh4 26.Qf3 Be7 27.Kg2 Kg7 28.Qg3 Qxg3+ 29.Kxg3
Bb4 30.Nf3 Ng8 31.Bd2 Ba3 32.Bc3 Ne7 33.Ne1 Nc6 34.Nd3 a5 35.f4 b6 36.Kf3 Kf8
37.Ke3 Kg7 38.Bb2 Be7 39.Ne1 Bb4 40.Nf3 Ne7 41.Bd3 Bd7 42.Bc1 Kg8 43.Bd2 Ba3
44.Ke2 Kg7 45.Kd1 Nc8 46.Kc2 Ne7 47.Bc3 Nc8 48.Nd2 Bf8 49.Nf1 Ba3 50.Ne3 Kf8
51.f5 gxf5 52.gxf5 exf5 53.Nxd5 Be6 54.Nf4 Be7 55.Bc4 Bd7 56.d5 Bg5 57.Bd2 Ne7
58.Kd3 Ke8 59.Be3 Nc8 60.Nh5 Bd8 61.Ke2 Bc7 62.Nf6+ Kd8 63.d6 Bb8 64.Bxf7 b5
65.Nxd7 Kxd7 66.axb5 Bxd6 67.exd6 Nxd6 68.Bg6 Nxb5 69.Bxf5+ Kc6 70.Kd3 Nd6 71.
Be6 Kb5 72.Bd2 Kb6 73.Bd7 Kc7 74.Bh3 Kb6 75.Bf4 Nb5 76.Bd7 Na3 77.Bc1 Nb5 78.
Bxb5 Kxb5 79.Ba3 Kb6 80.Kc4 Kc6 81.Bc1 Kb6 82.Bg5 Kc6 83.Bd8 a4 84.b4 1-0

[Event "Campeonato de Aragón por Equipos 2008 "]
[Site "Aragón"]
[Date "2008.03.08"]
[Round "6.7"]
[White "Forcen Esteban Daniel"]
[Black "Garcia Vicente Nieves"]
[Result "1-0"]
[WhiteElo "2138"]
[BlackElo "2219"]

1.e4 e5 2.Nf3 Nc6 3.d4 exd4 4.Nxd4 Nf6 5.Nxc6 bxc6 6.e5 Qe7 7.Qe2 Nd5 8.c4 Ba6
9.b3 Qh4 10.a3 Bc5 11.g3 Bxf2+ 12.Qxf2 Qe4+ 13.Kd1 Qxh1 14.Nd2 f6 15.Kc2 fxe5
16.Bb2 Rf8 17.Qe2 Qg1 18.Qxe5+ Ne7 19.Qxg7 Qf2 20.Bd3 Qf7 21.Qd4 Qf2 22.Qe5 d6
23.Qa5 Qb6 24.Qh5+ Kd7 25.Qg4+ Kd8 26.Re1 Rb8 27.Qg7 Rf2 28.b4 c5 29.b5 Qa5
30.Qxe7+ Kc8 31.Qe8+ 1-0

[Event "Campeonato de Aragón por Equipos 2008 "]
[Site "Aragón"]
[Date "2008.03.08"]
[Round "6.8"]
[White "Cabrera Moreno Daniel"]
[Black "Antolin Concha Diego"]
[Result "1/2-1/2"]
[WhiteElo "2184"]
[BlackElo "2055"]

1.d4 Nf6 2.Bg5 c5 3.d5 g6 4.Bxf6 exf6 5.c3 f5 6.g3 d6 7.Bg2 Bg7 8.Nd2 O-O 9.
Ngf3 b5 10.Qb3 Re8 11.e3 Na6 12.Qxb5 Rb8 13.Qd3 Rxb2 14.Nc4 Rb8 15.O-O Nc7 16.
Rab1 Ba6 17.Nfd2 Qd7 18.Qc2 Bb7 19.Qd3 Ba6 20.Qc2 Bb7 21.e4 fxe4 22.Nxe4 Bxd5
23.Nexd6 Bxc4 24.Nxc4 Qe6 25.Ne3 Nb5 26.Bd5 Qd7 27.Rbd1 Nxc3 28.Rd3 Nxd5 29.
Rxd5 Qh3 30.Qxc5 Rb2 31.Qxa7 Re2 32.Ng2 Bh6 33.a4 Qe6 34.Rdd1 Qc6 35.a5 Ra8
36.Qb6 Qxb6 37.axb6 Re6 38.Rb1 Rb8 39.b7 Re7 40.Rfe1 Rexb7 41.Rxb7 Rxb7 42.Re2
Rb1+ 43.Ne1 Bd2 44.Rxd2 Rxe1+ 45.Kg2 h5 46.h4 1/2-1/2

[Event "Campeonato de Aragón por Equipos 2008 "]
[Site "Aragón"]
[Date "2008.03.08"]
[Round "6.9"]
[White "Adla Diego Gustavo"]
[Black "Llorente Zaro Alfonso"]
[Result "1-0"]
[WhiteElo "2491"]
[BlackElo "2392"]

1.c4 c6 2.e4 e5 3.Nf3 d6 4.d4 Bg4 5.Be2 Be7 6.O-O Nd7 7.Nc3 Ngf6 8.Be3 Bxf3 9.
Bxf3 exd4 10.Qxd4 O-O 11.Rad1 Qa5 12.Qd2 Rfe8 13.Be2 Rad8 14.f3 Qc7 15.Kh1 Nb6
16.b3 Nfd7 17.Rf2 Bf6 18.Bf1 Ne5 19.g3 a5 20.Bh3 a4 21.Bxb6 Qxb6 22.Nxa4 Qa7
23.Qc2 b5 24.cxb5 cxb5 25.Nc3 Ng4 26.Bxg4 Bxc3 27.Re2 Bb4 28.Qc6 Qc5 29.Qd5
Qxd5 30.Rxd5 Re5 31.f4 Rxd5 32.exd5 Kf8 33.a4 Re8 34.Rc2 bxa4 35.bxa4 Re1+ 36.
Kg2 Ra1 37.Bd7 g6 38.g4 Rd1 39.Rc8+ Kg7 40.Rc4 Bc5 41.Bc6 Rd4 42.Rxd4 Bxd4 43.
a5 Kf6 44.Kf3 h6 45.h4 Ke7 46.g5 hxg5 47.fxg5 Kd8 48.a6 Bc5 49.Bb5 Bb6 50.Ke4
Bc5 51.Be2 Ke7 52.h5 gxh5 53.Bxh5 Bg1 54.Kd3 Bc5 55.Kc4 f5 56.gxf6+ Kxf6 57.
Kb5 1-0

[Event "Campeonato de Aragón por Equipos 2008 "]
[Site "Aragón"]
[Date "2008.03.08"]
[Round "6.10"]
[White "Remiro Juste Fernando Jose"]
[Black "Glavina Rossi Pablo"]
[Result "0-1"]
[WhiteElo "2335"]
[BlackElo "2459"]

1.d4 c5 2.e4 cxd4 3.Nf3 e6 4.Nxd4 Nc6 5.Nb5 d6 6.c4 a6 7.N5c3 Nf6 8.g3 b6 9.
Bg2 Bb7 10.O-O Be7 11.Be3 O-O 12.Na3 Rc8 13.Rc1 Ne5 14.Qb3 Nfd7 15.Na4 Rb8 16.
Qd1 Nc5 17.Nxc5 bxc5 18.f4 Nc6 19.Nb1 Bf6 20.Nc3 Bd4 21.Bxd4 cxd4 22.Ne2 Qb6
23.Qd3 e5 24.a3 a5 25.Rc2 Ba6 26.Rfc1 a4 27.Kh1 Na5 28.Qf3 Qc5 29.Ng1 Rb3 0-1

[Event "Campeonato de Aragón por Equipos 2008 "]
[Site "Aragón"]
[Date "2008.03.08"]
[Round "6.11"]
[White "Gomez Anadon Daniel"]
[Black "Ramon Perez Jose Luis"]
[Result "1/2-1/2"]
[WhiteElo "2315"]
[BlackElo "2327"]

1.d4 f5 2.g3 Nf6 3.Bg2 e6 4.c4 d5 5.b3 c6 6.Nf3 Bd6 7.O-O Qe7 8.a4 a5 9.Ba3
O-O 10.Bxd6 Qxd6 11.Qc2 Na6 12.Nbd2 Nb4 13.Qb2 b6 14.Rac1 Ba6 15.Ne5 c5 16.
Rfd1 Rac8 17.cxd5 exd5 18.dxc5 bxc5 19.Ndc4 Qe6 20.Ne3 Bxe2 21.Qxe2 Qxe5 22.
Qb5 f4 23.gxf4 Qxf4 24.Rxc5 Rcd8 25.Qe2 Ne4 26.Nxd5 Nxd5 27.Bxe4 Nf6 28.Rxd8
Rxd8 29.Bf3 Kh8 30.Rxa5 Re8 31.Ra8 Qg5+ 32.Kh1 Qc1+ 33.Kg2 Qg5+ 34.Kh1 1/2-1/2

[Event "Campeonato de Aragón por Equipos 2008 "]
[Site "Aragón"]
[Date "2008.03.08"]
[Round "6.12"]
[White "Lana Rodriguez David"]
[Black "Moreno Gracia Daniel"]
[Result "0-1"]
[WhiteElo "2177"]
[BlackElo "2188"]

1.d4 Nf6 2.Nf3 e6 3.e3 c5 4.Bd3 Nc6 5.O-O d5 6.b3 Bd6 7.Bb2 Qc7 8.c4 cxd4 9.
exd4 O-O 10.Nc3 a6 11.Re1 Rd8 12.Rc1 Bf4 13.Rb1 dxc4 14.bxc4 Nxd4 15.Nxd4
Bxh2+ 16.Kh1 Rxd4 17.Bxh7+ Kxh7 18.Qxd4 Bf4 19.Ne4 e5 20.Nxf6+ gxf6 21.Qd3+
Kg7 22.g3 Bh6 23.Bc1 Bxc1 24.Rexc1 Bh3 25.Kg1 Rd8 26.Qe4 b6 27.Rd1 Rh8 28.Rb2
Be6 29.Rc2 Qc8 30.Rd6 Rh6 31.Qc6 Qh8 32.Rcd2 Qh7 33.Qf3 e4 34.Qg2 Bh3 35.Qh2
Bg4 36.f3 Bxf3 0-1